[Event "NB II. Asztalos csoport"]
[Site "Nagyatad"]
[Date "2024.04.21"]
[Round "8.6"]
[White "Konig, Balazs"]
[Black "Horvath, Balazs"]
[Result "1/2-1/2"]
[WhiteElo "2110"]
[BlackElo "2083"]
[PlyCount "169"]
[EventDate "2023.10.08"]
[EventType "team-tourn"]
[EventRounds "9"]
[EventCountry "HUN"]
[Source "chess.hu"]
[WhiteTeam "Sakk Egylet Nagyatad"]
[BlackTeam "Decs 1990"]
[WhiteTeamCountry "HUN"]
[BlackTeamCountry "HUN"]

1. d4 d5 2. c4 e5 3. dxe5 Ne7 4. e3 Nbc6 5. Nf3 Bg4 6. Be2 dxc4 7. Qa4 Ng6 8.
Qxc4 Bxf3 9. gxf3 Ngxe5 10. Qb3 Nb4 11. Bd2 Nbd3+ 12. Kf1 Nc5 13. Qc2 Qd7 14.
h3 O-O-O 15. Bc3 f6 16. Nd2 Qc6 17. Rc1 Ncd3 18. Rd1 Bb4 19. Ne4 Bxc3 20. Qxc3
Qxc3 21. bxc3 Nb2 22. Rxd8+ Rxd8 23. f4 Nec4 24. Bg4+ Kb8 25. Ke2 Rd5 26. Be6
Ra5 27. Rg1 g6 28. Nxf6 Rxa2 29. Bxc4 Nxc4+ 30. Kd3 Nd6 31. Nxh7 Rxf2 32. Rxg6
a5 33. Nf6 a4 34. Rg5 b6 35. Nd5 a3 36. Rg1 a2 37. Ra1 Nb7 38. Nb4 Nc5+ 39. Kc4
Re2 40. Rxa2 Rxe3 41. Nc6+ Kb7 42. Nd4 Rxh3 43. f5 Ne4 44. Rc2 c6 45. Ne6 Nd6+
46. Kb3 Nxf5 47. Rf2 Nd6 48. Rc2 Re3 49. Nd4 c5 50. Ne2 b5 51. Kb2 Kc6 52. Kc1
Nc4 53. Kd1 Rf3 54. Ra2 Kd5 55. Ra8 Ne5 56. Kd2 Ng4 57. Re8 Nf6 58. Re7 Kc4 59.
Kc2 Kd5 60. Rb7 Rf2 61. Kd3 Rf3+ 62. Kc2 Kc4 63. Re7 Rf2 64. Re5 Nh5 65. Rxh5
Rxe2+ 66. Kb1 Rd2 67. Kc1 Rd5 68. Rxd5 Kxd5 69. Kd2 c4 70. Ke3 Ke5 71. Kf3 Kd5
72. Ke3 Kc5 73. Kd2 Kc6 74. Ke3 Kb6 75. Kd2 Kc5 76. Kc2 Kd5 77. Kd2 Ke4 78. Ke2
Kf4 79. Kf2 b4 80. cxb4 Ke4 81. Ke2 Kd4 82. Kd2 c3+ 83. Kc2 Kc4 84. b5 Kxb5 85.
Kxc3 1/2-1/2

[Event "NB II. Asztalos csoport"]
[Site "Nagyatad"]
[Date "2024.04.21"]
[Round "8.7"]
[White "Balazs, Imre"]
[Black "Vrban, Damir"]
[Result "1/2-1/2"]
[WhiteElo "2013"]
[BlackElo "2155"]
[PlyCount "66"]
[EventDate "2023.10.08"]
[EventType "team-tourn"]
[EventRounds "9"]
[EventCountry "HUN"]
[Source "chess.hu"]
[WhiteTeam "Decs 1990"]
[BlackTeam "Sakk Egylet Nagyatad"]
[WhiteTeamCountry "HUN"]
[BlackTeamCountry "HUN"]

1. d4 Nc6 2. Nf3 d6 3. e4 Nf6 4. Nc3 Bg4 5. Be2 e6 6. O-O Be7 7. Be3 O-O 8. d5
Nb8 9. h3 Bxf3 10. Bxf3 e5 11. Ne2 Ne8 12. Qd2 g6 13. g4 Ng7 14. Ng3 Nd7 15.
Kh1 Nb6 16. b3 Bh4 17. Rg1 Nc8 18. Bh6 f6 19. Raf1 Ne7 20. Be2 Rf7 21. f4 exf4
22. Bxf4 Qd7 23. Bd3 h5 24. Qe2 Raf8 25. Kh2 g5 26. Be3 hxg4 27. Qxg4 Qxg4 28.
hxg4 Bxg3+ 29. Kxg3 Ng6 30. Rh1 Ne5 31. Be2 Re8 32. Rh6 Ref8 33. Rhh1 Ne8
1/2-1/2

[Event "NB II. Asztalos csoport"]
[Site "Nagyatad"]
[Date "2024.04.21"]
[Round "8.9"]
[White "Papp, Csaba Dr"]
[Black "Szijarto, Andras"]
[Result "0-1"]
[WhiteElo "2006"]
[BlackElo "2072"]
[PlyCount "46"]
[EventDate "2023.10.08"]
[EventType "team-tourn"]
[EventRounds "9"]
[EventCountry "HUN"]
[Source "chess.hu"]
[WhiteTeam "Decs 1990"]
[BlackTeam "Sakk Egylet Nagyatad"]
[WhiteTeamCountry "HUN"]
[BlackTeamCountry "HUN"]

1. e4 Nf6 2. Bc4 Nxe4 3. Bxf7+ Kxf7 4. Qh5+ g6 5. Qd5+ e6 6. Qxe4 Bg7 7. Nf3
Rf8 8. h4 d5 9. Qe3 e5 10. d3 Kg8 11. h5 Bf5 12. hxg6 Bxg6 13. Qg5 Nc6 14. Qxd8
Raxd8 15. O-O e4 16. dxe4 Bxe4 17. Ng5 Nd4 18. Nc3 Bf5 19. Bf4 h6 20. Nf3 Nxf3+
21. gxf3 Bh3 22. Bxc7 Rd7 23. Rfd1 Rxc7 0-1

[Event "NB II. Asztalos csoport"]
[Site "Nagyatad"]
[Date "2024.04.21"]
[Round "8.10"]
[White "Kondakor, Mark"]
[Black "B.Garai, Lehel"]
[Result "1/2-1/2"]
[WhiteElo "1965"]
[BlackElo "1915"]
[PlyCount "85"]
[EventDate "2023.10.08"]
[EventType "team-tourn"]
[EventRounds "9"]
[EventCountry "HUN"]
[Source "chess.hu"]
[WhiteTeam "Sakk Egylet Nagyatad"]
[BlackTeam "Decs 1990"]
[WhiteTeamCountry "HUN"]
[BlackTeamCountry "HUN"]

1. d4 Nf6 2. c4 g6 3. Nc3 Bg7 4. e4 d6 5. f3 O-O 6. Be3 b6 7. Qd2 c5 8. Nge2
Nc6 9. d5 Ne5 10. Ng3 e6 11. Be2 exd5 12. exd5 a6 13. O-O Re8 14. Bg5 Rb8 15.
a4 Qc7 16. Rfe1 Bb7 17. Bf1 h5 18. h3 Nh7 19. Bh6 f5 20. Bxg7 Qxg7 21. f4 Nd7
22. Rxe8+ Rxe8 23. Re1 Qf7 24. Kf2 h4 25. Rxe8+ Qxe8 26. Nge2 Ndf6 27. Qe3 Kf7
28. Qxe8+ Kxe8 29. Ke3 Nh5 30. Ng1 g5 31. fxg5 Nxg5 32. Bd3 Bc8 33. Nce2 Kf7
34. Nf4 Ng3 35. Nge2 N3e4 36. Ng1 Ng3 37. Nf3 Nxf3 38. Kxf3 Bd7 39. b3 Kf6 40.
Ke3 Ne4 41. Nh5+ Kg5 42. Nf4 Nc3 43. Kf3 1/2-1/2

[Event "NB II. Asztalos csoport"]
[Site "Nagyatad"]
[Date "2024.04.21"]
[Round "8.11"]
[White "Figler, Janos"]
[Black "Szarka, Rego"]
[Result "1-0"]
[WhiteElo "1969"]
[BlackElo "1600"]
[PlyCount "133"]
[EventDate "2023.10.08"]
[EventType "team-tourn"]
[EventRounds "9"]
[EventCountry "HUN"]
[Source "chess.hu"]
[WhiteTeam "Decs 1990"]
[BlackTeam "Sakk Egylet Nagyatad"]
[WhiteTeamCountry "HUN"]
[BlackTeamCountry "HUN"]

1. e4 e5 2. Nf3 Nc6 3. Bb5 a6 4. Ba4 Nf6 5. O-O d6 6. h3 Bd7 7. Re1 Be7 8. c3
O-O 9. d4 Re8 10. Nbd2 Bf8 11. Bb3 h6 12. Bc2 g6 13. Nf1 Bg7 14. Ng3 exd4 15.
cxd4 Kh7 16. a3 Ng8 17. Be3 Nge7 18. Nh2 f5 19. exf5 Nxf5 20. Nxf5 Bxf5 21.
Bxf5 gxf5 22. Qd3 Qf6 23. Nf3 Kh8 24. Qd2 d5 25. Rad1 Re4 26. Ne5 Nxe5 27. dxe5
Rxe5 28. Bd4 Rxe1+ 29. Qxe1 Qf7 30. Bxg7+ Kxg7 31. Qe5+ Kg6 32. Rxd5 Re8 33.
Qg3+ Kh7 34. Qf3 Kg6 35. Qd3 h5 36. Rd7 Re7 37. Qg3+ Kf6 38. Qh4+ Ke6 39. Rxe7+
Qxe7 40. Qxh5 Qg7 41. Qe2+ Kf7 42. Qc2 Kg6 43. Qc3 Qd7 44. Qb3 b6 45. Qg8+ Kh5
46. g3 a5 47. h4 Qe7 48. Kh2 Kh6 49. Kh3 Qe4 50. Qg5+ Kh7 51. Kh2 Qc2 52. Qf4
Kg6 53. g4 fxg4 54. Qxg4+ Kh7 55. Qd4 Kg6 56. Kg3 Qb3+ 57. Qc3 a4 58. Qxb3 axb3
59. Kf4 c5 60. Ke4 b5 61. f4 c4 62. Kd4 Kf5 63. h5 Kf6 64. a4 c3 65. Kxc3 bxa4
66. Kb4 a3 67. Kxa3 1-0

[Event "NB II. Asztalos csoport"]
[Site "Kalocsa"]
[Date "2024.04.21"]
[Round "8.1"]
[White "Veress, Robert"]
[Black "Ruppaner, Janos"]
[Result "1/2-1/2"]
[WhiteElo "2174"]
[BlackElo "2020"]
[PlyCount "98"]
[EventDate "2023.10.08"]
[EventType "team-tourn"]
[EventRounds "9"]
[EventCountry "HUN"]
[Source "chess.hu"]
[WhiteTeam "Kaposvari Bastya SE"]
[BlackTeam "Kalocsai SK"]
[WhiteTeamCountry "HUN"]
[BlackTeamCountry "HUN"]

1. d4 d6 2. c4 Bg4 3. Nc3 Nd7 4. h3 Bh5 5. g4 Bg6 6. Bg2 c6 7. f4 e6 8. Nf3 Be7
9. e4 f6 10. Be3 Qb8 11. Qe2 Bd8 12. d5 e5 13. f5 Bf7 14. Rd1 Ne7 15. O-O cxd5
16. cxd5 a6 17. a4 Ba5 18. Rc1 Nc8 19. Rc2 Ke7 20. Rfc1 Ncb6 21. b3 Rc8 22. Na2
Rxc2 23. Qxc2 Nc8 24. b4 Bb6 25. Bxb6 Ncxb6 26. a5 Nc8 27. Bf1 Qa7+ 28. Qf2 Kd8
29. Nd2 Be8 30. Nc4 Qxf2+ 31. Kxf2 b5 32. axb6 Ndxb6 33. Na5 Ne7 34. Nb7+ Kd7
35. Ke3 Ra7 36. Na5 Kd8 37. Kd2 Bd7 38. Rc3 Na8 39. Ra3 Nc7 40. Nc3 Be8 41. Bd3
Bd7 42. h4 Nb5 43. Bxb5 axb5 44. Nd1 Rc7 45. Rg3 Ke8 46. g5 Kf7 47. Ne3 Be8 48.
Rg1 Kf8 49. Ra1 Nc8 1/2-1/2

[Event "NB II. Asztalos csoport"]
[Site "Kalocsa"]
[Date "2024.04.21"]
[Round "8.2"]
[White "Molnar, Krisztian"]
[Black "Birkas, Gyorgy"]
[Result "1-0"]
[WhiteElo "1991"]
[BlackElo "1994"]
[PlyCount "99"]
[EventDate "2023.10.08"]
[EventType "team-tourn"]
[EventRounds "9"]
[EventCountry "HUN"]
[Source "chess.hu"]
[WhiteTeam "Kalocsai SK"]
[BlackTeam "Kaposvari Bastya SE"]
[WhiteTeamCountry "HUN"]
[BlackTeamCountry "HUN"]

1. Nf3 Nf6 2. c4 d6 3. d4 g6 4. Nc3 Bg7 5. e4 O-O 6. Bd3 c5 7. Be3 Ng4 8. O-O
cxd4 9. Bxd4 e5 10. Be3 Nxe3 11. fxe3 Be6 12. Qe2 Na6 13. Rad1 Rc8 14. b3 Nc7
15. Bb1 Qe7 16. Rd2 Rfd8 17. Rfd1 Rd7 18. Kh1 h5 19. Qf2 g5 20. g3 f6 21. Kg2
Rf8 22. Qe2 Bh6 23. Qf2 f5 24. exf5 Bxf5 25. Bxf5 Rxf5 26. Qe2 Qf8 27. Ne4 Ne8
28. Rd5 Rdf7 29. Nfd2 g4 30. Rf1 Rxf1 31. Nxf1 Rf3 32. Rd3 Qe7 33. Nfd2 Rf7 34.
Rd5 Bf8 35. b4 Rg7 36. c5 dxc5 37. Qc4 Kh8 38. Nxc5 Nd6 39. Qd3 b6 40. Ncb3 h4
41. Ne4 Nf5 42. b5 Rf7 43. Qc3 Bg7 44. Nbd2 h3+ 45. Kg1 Qc7 46. Nc4 Nxe3 47.
Nxe3 Qb7 48. Nd6 Rc7 49. Qd2 Qa8 50. Ne8 1-0

[Event "NB II. Asztalos csoport"]
[Site "Kalocsa"]
[Date "2024.04.21"]
[Round "8.3"]
[White "Kadlicsko, Jozsef"]
[Black "Nagy, Imre"]
[Result "1-0"]
[WhiteElo "2015"]
[BlackElo "2073"]
[PlyCount "85"]
[EventDate "2023.10.08"]
[EventType "team-tourn"]
[EventRounds "9"]
[EventCountry "HUN"]
[Source "chess.hu"]
[WhiteTeam "Kaposvari Bastya SE"]
[BlackTeam "Kalocsai SK"]
[WhiteTeamCountry "HUN"]
[BlackTeamCountry "HUN"]

1. e4 c5 2. Nc3 a6 3. f4 Nc6 4. Nf3 d6 5. Bc4 e6 6. a4 Be7 7. O-O Nf6 8. d3 d5
9. Ba2 d4 10. Ne2 b5 11. Ng3 O-O 12. f5 e5 13. axb5 Nb4 14. Bb3 Bb7 15. bxa6
Rxa6 16. Rxa6 Bxa6 17. Nxe5 Nd7 18. Nxd7 Qxd7 19. Qg4 Kh8 20. Bd2 Nc6 21. Bf4
f6 22. h4 Bd6 23. Ne2 Ne5 24. Bxe5 Bxe5 25. Nf4 Bxf4 26. Qxf4 Qc8 27. Be6 Qb7
28. b3 Qb6 29. h5 h6 30. Rf3 Bb5 31. Qd2 Ra8 32. Rf1 Be8 33. g4 Ra3 34. Rb1 Qa7
35. b4 Ra1 36. Rxa1 Qxa1+ 37. Kg2 Ba4 38. Qf4 Be8 39. Qb8 Qa4 40. Bb3 Qc6 41.
bxc5 Kh7 42. Qd6 Qxd6 43. cxd6 1-0

[Event "NB II. Asztalos csoport"]
[Site "Kalocsa"]
[Date "2024.04.21"]
[Round "8.4"]
[White "Lukacs, Albert"]
[Black "Mihalecz, Attila"]
[Result "1-0"]
[WhiteElo "1970"]
[BlackElo "1935"]
[PlyCount "69"]
[EventDate "2023.10.08"]
[EventType "team-tourn"]
[EventRounds "9"]
[EventCountry "HUN"]
[Source "chess.hu"]
[WhiteTeam "Kalocsai SK"]
[BlackTeam "Kaposvari Bastya SE"]
[WhiteTeamCountry "HUN"]
[BlackTeamCountry "HUN"]

1. e3 d6 2. d4 e5 3. c4 c6 4. Nc3 f5 5. Nh3 e4 6. Nf4 Nf6 7. Be2 g6 8. h3 Bh6
9. g4 Bxf4 10. exf4 Qe7 11. g5 Nfd7 12. h4 h5 13. b3 Nb6 14. a4 Na6 15. O-O O-O
16. Ba3 Be6 17. d5 cxd5 18. a5 Nc8 19. Nxd5 Bxd5 20. Qxd5+ Qf7 21. Rfd1 Qxd5
22. Rxd5 Nc7 23. Rd2 Ne6 24. c5 Nxf4 25. Bc4+ d5 26. Rxd5 Nxd5 27. Bxd5+ Rf7
28. a6 Rb8 29. Rd1 bxa6 30. Bc4 Ne7 31. Rd7 Kf8 32. Bxf7 Kxf7 33. c6 Re8 34. c7
Ke6 35. Rd8 1-0

[Event "NB II. Asztalos csoport"]
[Site "Kalocsa"]
[Date "2024.04.21"]
[Round "8.5"]
[White "Marcsingo, Jozsef"]
[Black "Matota, Kornel Dr"]
[Result "1/2-1/2"]
[WhiteElo "1836"]
[BlackElo "1946"]
[PlyCount "31"]
[EventDate "2023.10.08"]
[EventType "team-tourn"]
[EventRounds "9"]
[EventCountry "HUN"]
[Source "chess.hu"]
[WhiteTeam "Kaposvari Bastya SE"]
[BlackTeam "Kalocsai SK"]
[WhiteTeamCountry "HUN"]
[BlackTeamCountry "HUN"]

1. e4 e5 2. Nf3 Nf6 3. d3 Nc6 4. Be2 h6 5. O-O Bc5 6. Nc3 d6 7. Na4 Bb6 8. c3
O-O 9. h3 Re8 10. Nxb6 axb6 11. b4 Be6 12. Qc2 Qd7 13. Kh2 Nh7 14. d4 exd4 15.
Nxd4 Nxd4 16. cxd4 1/2-1/2

[Event "NB II. Asztalos csoport"]
[Site "Kalocsa"]
[Date "2024.04.21"]
[Round "8.6"]
[White "Gangler, Zoltan Dr"]
[Black "Makaresz, Ferenc"]
[Result "0-1"]
[WhiteElo "1867"]
[BlackElo "1891"]
[PlyCount "136"]
[EventDate "2023.10.08"]
[EventType "team-tourn"]
[EventRounds "9"]
[EventCountry "HUN"]
[Source "chess.hu"]
[WhiteTeam "Kalocsai SK"]
[BlackTeam "Kaposvari Bastya SE"]
[WhiteTeamCountry "HUN"]
[BlackTeamCountry "HUN"]

1. Nf3 d5 2. g3 h6 3. Bg2 Bf5 4. c4 dxc4 5. Qa4+ c6 6. Qxc4 Nf6 7. d3 e6 8. O-O
Be7 9. Qb3 Qc8 10. Nc3 Nbd7 11. Bf4 O-O 12. a3 Bh7 13. Rac1 Nd5 14. Nxd5 exd5
15. Nd4 Nf6 16. Rfe1 Qd7 17. Rcd1 Nh5 18. Bc1 Bd6 19. e4 dxe4 20. dxe4 Qc7 21.
Nf5 Bxf5 22. exf5 Nf6 23. Qc2 Rfe8 24. Rxe8+ Rxe8 25. b4 a6 26. Bb2 Be5 27. Bc1
Rd8 28. Re1 Bd4 29. Be3 Qb6 30. Bxd4 Qxd4 31. h3 Qd3 32. Qxd3 Rxd3 33. Ra1 Kf8
34. Kf1 Ke7 35. Ke2 Rb3 36. Ra2 Kd6 37. Rd2+ Nd5 38. Rd3 Rxd3 39. Kxd3 Ke5 40.
Kc4 Nb6+ 41. Kd3 Kxf5 42. Kd4 Ke6 43. Kc5 Nd7+ 44. Kd4 Kd6 45. Bf1 c5+ 46.
bxc5+ Nxc5 47. Bc4 Ne6+ 48. Kc3 Kc5 49. h4 b5 50. Bb3 a5 51. h5 Ng5 52. Kd3 a4
53. Ba2 b4 54. axb4+ Kxb4 55. Kc2 Ne4 56. Bxf7 Nxf2 57. Bd5 a3 58. Bb7 Ng4 59.
Bc8 Ne3+ 60. Kb1 Nd1 61. Be6 Nc3+ 62. Ka1 a2 63. Kb2 Kc5 64. Ka1 Kd4 65. Kb2
Ke3 66. g4 Kf4 67. Ka1 Ne4 68. Kxa2 Nf6 0-1

[Event "NB II. Asztalos csoport"]
[Site "Kalocsa"]
[Date "2024.04.21"]
[Round "8.7"]
[White "Biro, Tamas"]
[Black "Bartuszek, Andras"]
[Result "1/2-1/2"]
[WhiteElo "1875"]
[BlackElo "1871"]
[PlyCount "110"]
[EventDate "2023.10.08"]
[EventType "team-tourn"]
[EventRounds "9"]
[EventCountry "HUN"]
[Source "chess.hu"]
[WhiteTeam "Kaposvari Bastya SE"]
[BlackTeam "Kalocsai SK"]
[WhiteTeamCountry "HUN"]
[BlackTeamCountry "HUN"]

1. e4 c5 2. Nc3 d6 3. Bc4 a6 4. d3 e6 5. Nge2 b5 6. Bb3 g6 7. O-O Bg7 8. f4 Ne7
9. Ng3 O-O 10. Nce2 Nbc6 11. c3 d5 12. Be3 d4 13. cxd4 Nxd4 14. Nxd4 Bxd4 15.
Qd2 Nc6 16. f5 Qa5 17. Qe2 exf5 18. exf5 c4 19. dxc4 Re8 20. Rf3 Rxe3 21. Rxe3
Qb6 22. Re1 gxf5 23. Kf1 Bxe3 24. Qxe3 Qxe3 25. Rxe3 Be6 26. Rc3 b4 27. Rc1 Na5
28. Ke2 Rc8 29. Kd3 Rd8+ 30. Ke3 f4+ 31. Kxf4 Nxc4 32. Bxc4 Rd4+ 33. Ke5 Rxc4
34. Rxc4 Bxc4 35. a3 bxa3 36. bxa3 Kg7 37. Nf5+ Kg6 38. g3 Bb3 39. Kf4 a5 40.
Nd4 a4 41. h4 h5 42. Nc6 Bd1 43. Ke5 f6+ 44. Kf4 Kf7 45. Nd4 Bg4 46. Nb5 Ke7
47. Nc3 Bd7 48. Nd5+ Ke6 49. Nb6 Bb5 50. g4 hxg4 51. Kxg4 Ke5 52. h5 f5+ 53.
Kf3 f4 54. h6 Bc6+ 55. Kf2 Kf6 1/2-1/2

[Event "NB II. Asztalos csoport"]
[Site "Kalocsa"]
[Date "2024.04.21"]
[Round "8.8"]
[White "Kenyeres, Zsolt"]
[Black "Szotak, Laszlo"]
[Result "0-1"]
[WhiteElo "1717"]
[BlackElo "1927"]
[PlyCount "128"]
[EventDate "2023.10.08"]
[EventType "team-tourn"]
[EventRounds "9"]
[EventCountry "HUN"]
[Source "chess.hu"]
[WhiteTeam "Kalocsai SK"]
[BlackTeam "Kaposvari Bastya SE"]
[WhiteTeamCountry "HUN"]
[BlackTeamCountry "HUN"]

1. d4 f5 2. Nf3 Nf6 3. Nc3 g6 4. e3 Bg7 5. Bd3 d5 6. O-O c6 7. Bd2 O-O 8. h3
Ne4 9. Rb1 Nxd2 10. Qxd2 Nd7 11. Ne2 Nf6 12. c4 Re8 13. cxd5 cxd5 14. Bb5 Bd7
15. Bxd7 Qxd7 16. Ne5 Qd6 17. Qd3 Ne4 18. Nf3 Rac8 19. Rfc1 Qb6 20. Nc3 Nxc3
21. bxc3 Qc6 22. Nd2 b6 23. c4 dxc4 24. Qxc4+ Qxc4 25. Nxc4 Kf7 26. a4 Rb8 27.
Na3 Rec8 28. Nb5 Rxc1+ 29. Rxc1 Rb7 30. d5 Be5 31. Rc6 a6 32. Na3 b5 33. axb5
axb5 34. g3 Bd6 35. Nb1 b4 36. Kg2 Rb5 37. Nd2 b3 38. g4 b2 39. Nb1 Rxd5 40.
Rb6 Be5 41. gxf5 gxf5 42. Kf3 Rd1 43. Na3 Ra1 44. Nc4 b1=Q 45. Rxb1 Rxb1 46.
Nxe5+ Ke6 47. Nd3 Kf6 48. Nf4 Rd1 49. Nh5+ Kg5 50. Nf4 Kh4 51. Kg2 e5 52. Ne6
Rd6 53. Nc5 Rg6+ 54. Kh2 f4 55. exf4 exf4 56. Nd3 f3 57. Nf4 Rf6 58. Nd5 Rf5
59. Ne3 Rg5 60. Ng4 h5 61. Ne3 Re5 62. Nd1 Re2 63. Ne3 Rxf2+ 64. Kg1 Ra2 0-1

[Event "NB II. Asztalos csoport"]
[Site "Szentlorinc"]
[Date "2024.04.21"]
[Round "8.1"]
[White "Haszon, David"]
[Black "Bihercz, Gabor"]
[Result "1-0"]
[WhiteElo "2244"]
[BlackElo "2177"]
[PlyCount "113"]
[EventDate "2023.10.08"]
[EventType "team-tourn"]
[EventRounds "9"]
[EventCountry "HUN"]
[Source "chess.hu"]
[WhiteTeam "Marcali VSZSE"]
[BlackTeam "Szentlorinc"]
[WhiteTeamCountry "HUN"]
[BlackTeamCountry "HUN"]

1. d4 Nf6 2. Nc3 g6 3. e4 d6 4. Bg5 Bg7 5. Qd2 O-O 6. O-O-O c6 7. h4 h5 8. Be2
b5 9. Bxf6 Bxf6 10. g4 hxg4 11. f3 e5 12. dxe5 dxe5 13. Qe1 Qe7 14. fxg4 b4 15.
Na4 Be6 16. g5 Bg7 17. Nf3 Nd7 18. h5 gxh5 19. Rxh5 Rfd8 20. Qf2 Bg4 21. Rh4
Bxf3 22. Bxf3 Nf8 23. Rg1 Ng6 24. Rhh1 Rd4 25. Bh5 Nf4 26. g6 f6 27. b3 Rad8
28. Be2 Rd2 29. Bc4+ Kf8 30. Qh4 Ne2+ 31. Bxe2 Rxe2 32. Rd1 Rd4 33. Qh3 Rexe4
34. Nc5 Qxc5 35. Qc8+ Ke7 36. Qc7+ Ke6 37. Qf7+ Kf5 38. Rdf1+ Rf4 39. Qxg7 Qc3
40. Kb1 Rd2 41. Rc1 Qg3 42. Rh5+ Ke4 43. Qh7 Rg2 44. Qd7 Qc3 45. Rh3 Rg3 46.
Rxg3 Qxg3 47. Qxc6+ Ke3 48. Qh1 Rg4 49. Re1+ Kf4 50. Qe4+ Kg5 51. g7 Kh6 52.
g8=Q Rxg8 53. Qh1+ Kg5 54. Rg1 Kf5 55. Qh7+ Kf4 56. Rxg3 Rxg3 57. Qh4+ 1-0

[Event "NB II. Asztalos csoport"]
[Site "Szentlorinc"]
[Date "2024.04.21"]
[Round "8.2"]
[White "Bene, Zoltan"]
[Black "Link, Ulrich"]
[Result "0-1"]
[WhiteElo "2159"]
[BlackElo "2062"]
[PlyCount "86"]
[EventDate "2023.10.08"]
[EventType "team-tourn"]
[EventRounds "9"]
[EventCountry "HUN"]
[Source "chess.hu"]
[WhiteTeam "Szentlorinc"]
[BlackTeam "Marcali VSZSE"]
[WhiteTeamCountry "HUN"]
[BlackTeamCountry "HUN"]

1. Nf3 d5 2. c4 d4 3. b4 f6 4. e3 e5 5. c5 d3 6. Nc3 a5 7. Qa4+ c6 8. b5 cxb5
9. Qxb5+ Nc6 10. Bxd3 Bxc5 11. Bc4 Bb4 12. O-O Nge7 13. a3 Bxc3 14. dxc3 Bd7
15. Qb3 a4 16. Bf7+ Kf8 17. Qa2 Qc7 18. e4 Nd8 19. Bc4 Rc8 20. Bd5 Nxd5 21.
exd5 Nf7 22. Be3 Nd6 23. Rac1 b5 24. c4 bxc4 25. Bd2 Kf7 26. Bb4 Bf5 27. Rfd1
Rhd8 28. Nh4 Bg4 29. f3 Bd7 30. g3 g5 31. Ng2 Qb6+ 32. Kh1 Bf5 33. Qd2 Bd3 34.
Ba5 Qa6 35. Bxd8 Rxd8 36. Ne1 e4 37. Nxd3 exd3 38. Qb4 Re8 39. Re1 Qb5 40. Qd2
Rxe1+ 41. Rxe1 Qxd5 42. Qe3 Nf5 43. Qa7+ Kg6 0-1

[Event "NB II. Asztalos csoport"]
[Site "Szentlorinc"]
[Date "2024.04.21"]
[Round "8.3"]
[White "Haszon, Abel"]
[Black "Tompos, Antal"]
[Result "0-1"]
[WhiteElo "1930"]
[BlackElo "2149"]
[PlyCount "124"]
[EventDate "2023.10.08"]
[EventType "team-tourn"]
[EventRounds "9"]
[EventCountry "HUN"]
[Source "chess.hu"]
[WhiteTeam "Marcali VSZSE"]
[BlackTeam "Szentlorinc"]
[WhiteTeamCountry "HUN"]
[BlackTeamCountry "HUN"]

1. d4 Nf6 2. Bf4 e6 3. Nc3 d5 4. Nf3 c6 5. e3 Be7 6. Bd3 Nbd7 7. h3 b5 8. O-O
b4 9. Ne2 a5 10. c3 Ba6 11. Rc1 Qb6 12. Re1 Bxd3 13. Qxd3 Ne4 14. Ne5 Nxe5 15.
Bxe5 f6 16. f3 Nd6 17. Bg3 Nf5 18. Bf2 Bd6 19. e4 Ne7 20. c4 Qa6 21. b3 O-O 22.
Qe3 dxc4 23. bxc4 e5 24. c5 exd4 25. Nxd4 Be5 26. Ne6 Rfe8 27. f4 Bc3 28. Red1
Qc8 29. f5 Be5 30. Rd3 Ng6 31. Rcd1 Nf8 32. Rd8 Qb7 33. Rxa8 Rxa8 34. Nd8 Rxd8
35. Rxd8 a4 36. Bg3 Qc7 37. Bxe5 Qxd8 38. Bd6 Qd7 39. Qd4 Qb7 40. Qc4+ Kh8 41.
Bxf8 b3 42. axb3 axb3 43. Qc1 b2 44. Qb1 Qb3 45. Be7 h6 46. Kh2 Qc3 47. Qa2 Qc1
48. Bxf6 b1=Q 49. Bxg7+ Kh7 50. Qf2 Qh1+ 51. Kg3 Qhe1 52. Bd4 Qxf2+ 53. Bxf2
Qxe4 54. Kh2 Qxf5 55. Bg1 Kg6 56. Kh1 Qc2 57. Kh2 Kf5 58. Kh1 Ke4 59. Kh2 Kf4
60. Kh1 Kg3 61. Bh2+ Kf2 62. Bg1+ Kf1 0-1

[Event "NB II. Asztalos csoport"]
[Site "Szentlorinc"]
[Date "2024.04.21"]
[Round "8.4"]
[White "Kohalmi, Endre Jr"]
[Black "Mike, Janos"]
[Result "1-0"]
[WhiteElo "2010"]
[BlackElo "1897"]
[PlyCount "37"]
[EventDate "2023.10.08"]
[EventType "team-tourn"]
[EventRounds "9"]
[EventCountry "HUN"]
[Source "chess.hu"]
[WhiteTeam "Szentlorinc"]
[BlackTeam "Marcali VSZSE"]
[WhiteTeamCountry "HUN"]
[BlackTeamCountry "HUN"]

1. d4 d5 2. c4 c6 3. Nf3 Nf6 4. Nc3 h6 5. Bf4 e6 6. e3 Bd6 7. Ne5 Bxe5 8. Bxe5
Nbd7 9. Bd6 dxc4 10. e4 Nb6 11. Ba3 Bd7 12. e5 Nfd5 13. Ne4 Nc8 14. Qd2 b5 15.
h4 a5 16. Bc5 f5 17. exf6 Nxf6 18. Be2 Nxe4 19. Bh5+ 1-0

[Event "NB II. Asztalos csoport"]
[Site "Szentlorinc"]
[Date "2024.04.21"]
[Round "8.5"]
[White "Horvath, Jozsef"]
[Black "Hovorka, Tamas"]
[Result "0-1"]
[WhiteElo "1893"]
[BlackElo "2026"]
[PlyCount "160"]
[EventDate "2023.10.08"]
[EventType "team-tourn"]
[EventRounds "9"]
[EventCountry "HUN"]
[Source "chess.hu"]
[WhiteTeam "Marcali VSZSE"]
[BlackTeam "Szentlorinc"]
[WhiteTeamCountry "HUN"]
[BlackTeamCountry "HUN"]

1. d4 d5 2. Nf3 Nf6 3. e3 Bg4 4. Be2 Nbd7 5. b3 e6 6. O-O Bd6 7. Bb2 Qe7 8. Ne5
Bxe2 9. Qxe2 c6 10. c4 O-O 11. Nd2 Ne4 12. Nxd7 Nxd2 13. Qxd2 Qxd7 14. f4 f5
15. Rf3 Rf6 16. Rg3 Rh6 17. Qe2 Kh8 18. Qf3 Rg8 19. Rg5 Qf7 20. Rf1 Be7 21. Rg3
Rh4 22. a4 Qf6 23. Ra1 Qh6 24. h3 Rh5 25. Ba3 Bh4 26. Bd6 Bxg3 27. Qxg3 Qf6 28.
Be5 Qf7 29. cxd5 exd5 30. b4 Rh6 31. Rc1 Re6 32. b5 h6 33. Qe1 Qh5 34. Kh2 Qf7
35. Qa5 Ra8 36. b6 a6 37. Qd2 Kh7 38. a5 Rg8 39. Qd3 h5 40. g4 hxg4 41. hxg4
Rh6+ 42. Kg3 Qg6 43. Qxf5 Qxf5 44. gxf5 Rh5 45. Kg4 Kh6 46. Re1 g5 47. fxg6
Rxg6+ 48. Kf3 Rh3+ 49. Kf2 Rg4 50. f5 Kg5 51. f6 Kg6 52. Ke2 Kf7 53. Kd3 Ke6
54. Rf1 Rh7 55. Rf2 Rg5 56. Rc2 Rxe5 57. dxe5 Kxe5 58. Rg2 Kxf6 59. Rg8 Ke6 60.
Rd8 Rd7 61. Rc8 Re7 62. Kd4 Kd7 63. Rg8 Re4+ 64. Kd3 Ra4 65. Rg7+ Kd6 66. Rxb7
Rxa5 67. Rg7 Rb5 68. b7 a5 69. Kc3 c5 70. b8=Q+ Rxb8 71. Ra7 Rb5 72. Ra6+ Ke5
73. Kd3 c4+ 74. Kd2 Rb2+ 75. Kc3 Re2 76. Rxa5 Rxe3+ 77. Kd2 Rh3 78. Kc2 Kd4 79.
Ra4 Rh2+ 80. Kc1 Kd3 0-1

[Event "NB II. Asztalos csoport"]
[Site "Szentlorinc"]
[Date "2024.04.21"]
[Round "8.6"]
[White "Horvath, Gergely"]
[Black "Nador, Zoltan"]
[Result "1/2-1/2"]
[WhiteElo "1954"]
[BlackElo "1846"]
[PlyCount "46"]
[EventDate "2023.10.08"]
[EventType "team-tourn"]
[EventRounds "9"]
[EventCountry "HUN"]
[Source "chess.hu"]
[WhiteTeam "Szentlorinc"]
[BlackTeam "Marcali VSZSE"]
[WhiteTeamCountry "HUN"]
[BlackTeamCountry "HUN"]

1. d4 d5 2. Nc3 Bf5 3. Nf3 e6 4. a3 c6 5. h3 Bd6 6. g4 Bg6 7. Bg2 Nd7 8. e4
dxe4 9. Ng5 Ngf6 10. Ngxe4 Nxe4 11. Nxe4 Bxe4 12. Bxe4 Nf6 13. Bd3 Qc7 14. Qf3
h6 15. c4 O-O-O 16. Be3 Qe7 17. Qe2 Kb8 18. O-O-O e5 19. dxe5 Qxe5 20. Rhe1
Rhe8 21. Qc2 Qh2 22. Rh1 Qe5 23. Qa4 Bc5 1/2-1/2